000 00400nam a22001337a 4500
999 _c18994
_d18994
008 210625b xxu||||| |||| 00| 0 eng d
020 _a1782545873
050 _aKTA902.5
_b.R47 2013 c.1
245 _aResearch handbook on money laundering
_cEdited by Brigitte Unger & Daan van der Linde
260 _aUK
_bEdward Elgar
_c2013
300 _axv, 502p.
650 _aMoney laundering
942 _2lcc
_cBK